Inbred - Ethel Cain (Lyrics) - Statistics

General Stats
  • This quiz has been taken 20 times
  • The average score is 264 of 320
Answer Stats
Answer % Correct
a
100%
all
100%
and
100%
but
100%
fuck
100%
he
100%
he's
100%
i
100%
in
100%
it
100%
it's
100%
know
100%
me
100%
not
100%
of
100%
on
100%
out
100%
so
100%
something
100%
spread
100%
start
100%
starting
100%
the
100%
to
100%
what
100%
you
100%
your
100%
along
86%
already
86%
bed
86%
brother
86%
can
86%
can't
86%
comatose
86%
cops
86%
dead
86%
feds
86%
floor?
86%
god
86%
gone
86%
good
86%
her
86%
him
86%
i'm
86%
is
86%
just
86%
leave
86%
made
86%
mama's
86%
my
86%
naked
86%
older
86%
pissing
86%
put
86%
rotten
86%
scared
86%
she
86%
smells
86%
stove
86%
they
86%
'til
86%
touch
86%
under
86%
up
86%
vomit
86%
wake
86%
was
86%
watch
86%
we
86%
with
86%
you're
86%
are
71%
at
71%
baby
71%
bare
71%
could
71%
daddy's
71%
death
71%
else
71%
for
71%
from
71%
fucking
71%
himself
71%
holes
71%
how
71%
if
71%
i'll
71%
knew
71%
knows
71%
lay
71%
lights
71%
longer
71%
look
71%
love
71%
more
71%
much
71%
name
71%
nightgown
71%
nobody
71%
rapist?
71%
scumbag
71%
should
71%
stronger?
71%
swear
71%
take
71%
that
71%
trash
71%
us
71%
want
71%
watching
71%
we're
71%
were
71%
white
71%
who
71%
will
71%
win
71%
wrong
71%
you'd
71%
yourself
71%
back
57%
bad
57%
dick
57%
does
57%
door
57%
'em
57%
fall?
57%
his
57%
off
57%
stay
57%
through
57%
way
57%
worse
57%
about
43%
fought
43%
get
43%
hates
43%
he'll
43%
innocence
43%
leg
43%
(oh
43%
oh)
43%
savor
43%
show
43%
sucking
43%
talking
43%
this
43%
wakes
43%
warm
43%
you'll
43%
have
14%
No matching quizzes found
Score Distribution
Percent of People with Each Score
Percentile by Number Answered
Your Score History
You have not taken this quiz